| 000 | 00780nam a22001937a 4500 | ||
|---|---|---|---|
| 003 | DO-CoUTE | ||
| 005 | 20260507133134.0 | ||
| 008 | 260507b dr ||||| |||| 00| 0 spa d | ||
| 040 |
_aDO-CoUTE _bspa _cDO-CoUTE |
||
| 082 | _aRD327.7293R426N | ||
| 110 | 1 |
_aSecretaria de estado de relaciones Exteriores _eAutor |
|
| 245 | 1 | 0 |
_aLa nueva Política Exterior Dominicana : _bTemas de Relaciones Internacionales / _cSecretaria de Estado de relaciones Exteriores |
| 260 |
_aRepública Dominicana ; _bDepartamento cultural de la cancilleria, _c1997 |
||
| 300 |
_a225 Paginas : _c23cm, |
||
| 504 | _aIncluye referencia bibliográfica e índice. | ||
| 650 | 4 | _aRelaciones Internacionales | |
| 710 | 1 |
_aSecretaria de estados de Relaciones Exteriores _eAutor |
|
| 942 |
_2ddc _cBK |
||
| 999 |
_c24176 _d24176 |
||